Los Estudios sobre Vicente Rocafuerte

Spremljeno u:
Bibliografski detalji
Glavni autor: Landázuri Camacho, Carlos
Format: Tekst
Izdano: Quito :
Oznake: Dodaj oznaku
Bez oznaka, Budi prvi tko označuje ovaj zapis!

MARC

LEADER 00000 a a2200000 04500
001 24376
003
040
090 |a 172800  
100 |a Landázuri Camacho, Carlos  
245 |a Los Estudios sobre Vicente Rocafuerte  
260 |a Quito :  
300 |a pp. 211-240  
999 |c 10237  |d 10237